LEADER 00919nam a2200277 i 4500 001 991001244369707536 005 20020507113338.0 008 970308s1974 uk ||| | eng 035 $ab10193662-39ule_inst 035 $aLE00644559$9ExL 040 $aDip.to Fisica$bita 084 $a52.9.521 084 $a525.7'5 084 $aQB528 100 1 $aBray, R.J.$0347947 245 14$aThe solar chromosphere /$cR.J. Bray and R.E. Laughhead 260 $aLondon :$bChapman and Hall,$c1974 300 $axix, 384 p. :$bill. ;$c24 cm. 650 4$aSolar chromosphere 700 1 $aLaughhead, R.E. 907 $a.b10193662$b21-09-06$c27-06-02 912 $a991001244369707536 945 $aLE006 52.9.52+52.9.56 BRA$g1$i2006000028059$lle006$o-$pE0.00$q-$rl$s- $t0$u0$v0$w0$x0$y.i10238876$z27-06-02 996 $aSolar chromosphere$9191678 997 $aUNISALENTO 998 $ale006$b01-01-97$cm$da $e-$feng$guk $h4$i1 LEADER 01707oam 2200469M 450 001 9910716382103321 005 20200213070547.4 035 $a(CKB)5470000002520311 035 $a(OCoLC)1065870115 035 $a(OCoLC)995470000002520311 035 $a(EXLCZ)995470000002520311 100 $a20071213d1926 ua 0 101 0 $aeng 135 $aurcn||||||||| 181 $ctxt$2rdacontent 182 $cc$2rdamedia 183 $acr$2rdacarrier 200 10$aProceedings at the unveiling of the statue of John Ericsson in Potomac Park, Washington, D.C., under the auspices of the John Ericsson Memorial Commission 210 1$a[Washington, D.C.] :$c[U.S. Government Printing Office],$d1926. 215 $a1 online resource (66 pages) $cillustrations 225 1 $aSenate document / 69th Congress, 1st session. Senate ;$vno. 161 225 1 $a[United States congressional serial set ] ;$v[serial no. 8556] 300 $aTable of contents, p. 5. 300 $aBatch processed record: Metadata reviewed, not verified. Some fields updated by batch processes. 300 $aFDLP item number not assigned. 606 $aMemorials 606 $aAnniversaries 606 $aStatues 606 $aEngineers 608 $aLegislative materials.$2lcgft 615 0$aMemorials. 615 0$aAnniversaries. 615 0$aStatues. 615 0$aEngineers. 801 0$bWYU 801 1$bWYU 801 2$bOCLCO 801 2$bOCLCQ 906 $aBOOK 912 $a9910716382103321 996 $aProceedings at the unveiling of the statue of John Ericsson in Potomac Park, Washington, D.C., under the auspices of the John Ericsson Memorial Commission$93352325 997 $aUNINA